Central Library OPAC University of Rajshahi

হিতকরী সভা : (Record no. 49361)

MARC details
000 -LEADER
fixed length control field 00967nam a2200241 a 4500
001 - CONTROL NUMBER
control field 49361
003 - CONTROL NUMBER IDENTIFIER
rucl marc code BD-RjUL
005 - DATE AND TIME OF LATEST TRANSACTION
control field 20211209054653.0
008 - FIXED-LENGTH DATA ELEMENTS--GENERAL INFORMATION
fixed length control field 160820s1987 ii a|||| b||| 00| 0 ben d
020 ## - INTERNATIONAL STANDARD BOOK NUMBER
Terms of availability : Tk. 30.00
035 ## - SYSTEM CONTROL NUMBER
System control number (BD-RjUL)49480
040 ## - CATALOGING SOURCE
Original cataloging agency BD-RjUL
Language of cataloging ben
Transcribing agency BD-RjUL
041 ## - LANGUAGE CODE
Language code of text/sound track or separate title ben
082 ## - DEWEY DECIMAL CLASSIFICATION NUMBER
Edition number 23
Classification number 370.82
Author mark and year SAH 1987
100 ## - MAIN ENTRY--PERSONAL NAME
Personal name সামন্ত, বসন্তকুমার
9 (RLIN) 148208
245 10 - TITLE STATEMENT
Title হিতকরী সভা :
Remainder of title স্ত্রী-শিক্ষা ও তৎকালীন বঙ্গসমাজ /
Statement of responsibility, etc. বসন্তকুমার সামন্ত
260 ## - PUBLICATION, DISTRIBUTION, ETC. (IMPRINT)
Place of publication, distribution, etc. কলকাতা :
Name of publisher, distributor, etc. সাহিত্যলোক,
Date of publication, distribution, etc. ১৯৮৭
300 ## - PHYSICAL DESCRIPTION
Pagination [২৪], ১৬০ পৃ. :
Illustrations চিত্র ;
Size ১৮ সেমি.
504 ## - BIBLIOGRAPHY, ETC. NOTE
Bibliography, etc গ্রন্থপঞ্জি সংযুক্ত
650 ## - SUBJECT ADDED ENTRY--TOPICAL TERM
Topical term or geographic name as entry element শিক্ষায় নারী
9 (RLIN) 148209
Topical term or geographic name as entry element Women in education
9 (RLIN) 148210
942 ## - ADDED ENTRY ELEMENTS (KOHA)
Source of classification or shelving scheme Dewey Decimal Classification
Koha item type Books
Holdings
Lost status Source of classification or shelving scheme Damaged status Not for loan Collection code Permanent Location Current Location Shelving location Date acquired Source of acquisition Cost, normal purchase price Total Checkouts Full call number Date last seen Copy number Koha item type
  Dewey Decimal Classification     Non-fiction Central Library, University of Rajshahi Central Library, University of Rajshahi   18/10/2005 Paragogn Enterprise, Dhaka 30.00   B 370.82 SAH 1987 20/08/2016 C-2 Books
  Dewey Decimal Classification   Not For Loan Non-fiction Central Library, University of Rajshahi Central Library, University of Rajshahi Reading Room 18/10/2005 Dhaka, Paragon Enterprise Ltd. 30.00   B 370.82 SAH 1987 27/12/2016 C-1 Books